000 01047nas a2200361 4500
001 BR0702564
003 BR-BrBNA
005 20231205110804.0
007 ta
008 230509b bl.|||p| |||| 00| 00por d
040 _aBR-BrBNA
_bpor
_cBiblioteca Nacional de Agricultura
041 _a(Pt)
072 _aL02; L52
100 1 _aMoreira, I.
100 1 _aBastos, A.O.
100 1 _aScapinelo, C.
100 1 _aFraga, A.L.
100 1 _aKutschenko, M.
245 1 _aDiferentes tipos de milheto utilizados na alimentação de suínos em crescimento e terminação
650 _aMILHETO
650 _aSUÍNO
650 _aPERFORMANCE
650 _aTERMINAÇÃO
650 _aNUTRIÇÃO ANIMAL
650 _aRAÇÃO
650 _aVARIEDADE
650 _aALIMENTO ALTERNATIVO
650 _aCOMPOSIÇÃO DE ALIMENTO
650 _aANÁLISE ECONÔMICA
773 0 _tCiência Rural (Brazil)
_xISSN 0103-8478
_g(Mar-Apr 2007), v. 37(2) p. 495-501
_wBR0702564
909 _a202311
_bLúcia
_c55
_dLúcia Elande
942 _2AGRIS
_n0
_cANA
999 _c189069
_d189069